[Event "gm"]
[Site "?"]
[Date "2013.07.29"]
[Round "9.5"]
[White "Haznedaroglu, Kivanc"]
[Black "Van Den Heever, Donovan"]
[Result "0-1"]
[WhiteElo "2417"]
[BlackElo "2280"]
[PlyCount "138"]
[EventDate "2013.??.??"]

1. e4 c5 2. Nf3 d6 3. d4 cxd4 4. Qxd4 a6 5. c4 Nd7 6. Be2 Ngf6 7. O-O e6 8. Nc3
Be7 9. b3 O-O 10. Bb2 Qc7 11. Rac1 b6 12. Qe3 Bb7 13. Nd4 Rfe8 14. Bd3 g6 15.
Bb1 Rac8 16. Rfd1 Qb8 17. Ba3 Bf8 18. Nf3 Nc5 19. Qd4 Be7 20. h3 Qa8 21. Re1
Bc6 22. Qe3 Bb7 23. Bb2 Ncd7 24. Rcd1 Bc6 25. a3 Qb8 26. b4 Bb7 27. Ba2 Qa8 28.
Nd2 Bf8 29. Qd4 Qb8 30. Na4 e5 31. Qe3 Bc6 32. Nc3 Nh5 33. Nf1 Nf4 34. Qd2 Qa8
35. Kh2 Nf6 36. Nd5 N6xd5 37. exd5 Bd7 38. Rc1 Qb8 39. Ng3 f5 40. c5 bxc5 41.
bxc5 Bb5 42. Rc3 Nd3 43. Rb1 Nxc5 44. Ba1 f4 45. Nf1 Ne4 46. Rxc8 Qxc8 47. Qe1
Qf5 48. Rb4 Nc5 49. Bb1 Bd3 50. Ba2 g5 51. Nd2 h5 52. Nf3 Qf6 53. Qd1 a5 54.
Rb2 g4 55. Ne1 Bf5 56. hxg4 hxg4 57. Bb1 Re7 58. Kg1 Rh7 59. Bxf5 Qxf5 60. Rb8
Ne4 61. Qc2 Qh5 62. Kf1 f3 63. gxf3 gxf3 64. Rxf8+ Kxf8 65. Qc8+ Kg7 66. Qd7+
Kg6 67. Qe8+ Rf7 68. Qg8+ Kf6 69. Qd8+ Kg7 0-1

[Event "gm"]
[Site "?"]
[Date "2013.07.29"]
[Round "9.6"]
[White "Solomons, Deon"]
[Black "Tischbierek, Raj"]
[Result "0-1"]
[WhiteElo "2179"]
[BlackElo "2422"]
[PlyCount "68"]
[EventDate "2013.??.??"]

1. c4 e6 2. Nf3 b6 3. g3 Bb7 4. Bg2 f5 5. d3 Nf6 6. O-O Be7 7. Nc3 O-O 8. a3
Qe8 9. e4 fxe4 10. Ng5 Nc6 11. Ngxe4 Qg6 12. d4 Na5 13. Nxf6+ Bxf6 14. Bxb7
Nxb7 15. Bf4 c5 16. Be3 Rad8 17. Rc1 Nd6 18. Ne2 Nf5 19. dxc5 Bxb2 20. Nf4 Nxe3
21. fxe3 Qe4 22. Rc2 Qxe3+ 23. Kh1 Qe4+ 24. Rg2 Bxa3 25. cxb6 axb6 26. Qb3 Bc5
27. Rd1 Ra8 28. Nd3 Rf3 29. Nxc5 bxc5 30. Qb2 Qxc4 31. Qb7 Raf8 32. h3 Rf1+ 33.
Rxf1 Qxf1+ 34. Kh2 Qd3 0-1

[Event "gm"]
[Site "?"]
[Date "2013.07.29"]
[Round "9.7"]
[White "Cawdery, Daniel"]
[Black "Gluckman, David"]
[Result "1-0"]
[WhiteElo "2345"]
[BlackElo "2250"]
[PlyCount "151"]
[EventDate "2013.??.??"]

1. e4 Nf6 2. e5 Nd5 3. d4 d6 4. Nf3 dxe5 5. Nxe5 c6 6. Be2 Nd7 7. Nf3 N7f6 8.
O-O Bf5 9. c4 Nb4 10. Ne1 e6 11. a3 Na6 12. Nc3 Be7 13. Nf3 Nc7 14. Bf4 O-O 15.
Qb3 Qc8 16. Rfd1 Ne4 17. Nxe4 Bxe4 18. Rac1 Rd8 19. Qe3 Bxf3 20. Bxf3 Bd6 21.
d5 Bxf4 22. Qxf4 c5 23. Qe3 exd5 24. cxd5 Qd7 25. Qxc5 Ne8 26. h3 Nd6 27. Qd4
Nf5 28. Qf4 Nd6 29. Re1 Re8 30. Bg4 Rxe1+ 31. Rxe1 Qc7 32. Qd4 Nb5 33. Qe3 Nd6
34. Rc1 Qd8 35. b3 Kf8 36. a4 Qe7 37. Qc5 f5 38. Bh5 g6 39. Bf3 Rc8 40. Qa3
Rxc1+ 41. Qxc1 b6 42. g3 Nf7 43. Qc3 Qe5 44. Qc8+ Qe8 45. Qc3 Qe5 46. Qc6 Qe7
47. Kg2 Nd6 48. h4 Nf7 49. h5 Kg7 50. Qc3+ Qe5 51. Qd2 Kf6 52. Qc1 g5 53. Qc6+
Qd6 54. g4 a5 55. gxf5 h6 56. Qe8 g4 57. Be4 Ng5 58. Qh8+ Kf7 59. f6 Qxf6 60.
Bg6+ Ke7 61. Qe8+ Kd6 62. Qc6+ Ke7 63. Qc7+ Kf8 64. Qc8+ Ke7 65. Qxg4 Kd6 66.
Qe2 Qc3 67. Qd3 Qe5 68. Qc4 Ke7 69. f4 Qb2+ 70. Kg3 Qd2 71. Qc7+ Kf8 72. Qd8+
Kg7 73. Qe7+ Kg8 74. Qe8+ Kg7 75. Qe5+ Kg8 76. fxg5 1-0